<?xml version="1.0" encoding="UTF-8"?>
<record
    xmlns:xsi="http://www.w3.org/2001/XMLSchema-instance"
    xsi:schemaLocation="http://www.loc.gov/MARC21/slim http://www.loc.gov/standards/marcxml/schema/MARC21slim.xsd"
    xmlns="http://www.loc.gov/MARC21/slim">

  <leader>00635nam a22001577a 4500</leader>
  <controlfield tag="003">OSt</controlfield>
  <controlfield tag="005">20151130100935.0</controlfield>
  <controlfield tag="008">151130b        xxu||||| |||| 00| 0 eng d</controlfield>
  <datafield tag="040" ind1=" " ind2=" ">
    <subfield code="c">RUA</subfield>
  </datafield>
  <datafield tag="082" ind1=" " ind2=" ">
    <subfield code="a">FIS TOL 1997 B168 Or.1</subfield>
  </datafield>
  <datafield tag="100" ind1=" " ind2=" ">
    <subfield code="9">4007</subfield>
    <subfield code="a">TOL, BUNNA.</subfield>
  </datafield>
  <datafield tag="245" ind1=" " ind2=" ">
    <subfield code="a">economic market of fish cage culture in russey koe, phnom penh (&#x1791;&#x17B8;&#x1795;&#x17D2;&#x179F;&#x17B6;&#x179A;&#x179F;&#x17C1;&#x178A;&#x17D2;&#x178B;&#x1780;&#x17B7;&#x1785;&#x17D2;&#x1785; &#x1793;&#x17C3;&#x1780;&#x17B6;&#x179A;&#x1785;&#x17B7;&#x1789;&#x17D2;&#x1785;&#x17B9;&#x1798;&#x178F;&#x17D2;&#x179A;&#x17B8;&#x178F;&#x17B6;&#x1798;&#x1794;&#x17C2;&#x1780;&#x17D2;&#x1793;&#x17BB;&#x1784;&#x179F;&#x17D2;&#x179A;&#x17BB;&#x1780;&#x17AC;&#x179F;&#x17D2;&#x179F;&#x17B8;&#x1780;&#x17C2;&#x179C; &#x179A;&#x17B6;&#x1787;&#x1792;&#x17B6;&#x1793;&#x17B8;&#x1797;&#x17D2;&#x1793;&#x17C6;&#x1796;&#x17C1;&#x1789;)</subfield>
  </datafield>
  <datafield tag="260" ind1=" " ind2=" ">
    <subfield code="a">Phnom Penh</subfield>
    <subfield code="b">RUA</subfield>
    <subfield code="c">1997</subfield>
  </datafield>
  <datafield tag="300" ind1=" " ind2=" ">
    <subfield code="a">57p.</subfield>
    <subfield code="b">ill.</subfield>
    <subfield code="c">29cm.</subfield>
  </datafield>
  <datafield tag="942" ind1=" " ind2=" ">
    <subfield code="2">ddc</subfield>
    <subfield code="c">FIS</subfield>
  </datafield>
  <datafield tag="999" ind1=" " ind2=" ">
    <subfield code="c">3727</subfield>
    <subfield code="d">3727</subfield>
  </datafield>
  <datafield tag="952" ind1=" " ind2=" ">
    <subfield code="0">0</subfield>
    <subfield code="1">0</subfield>
    <subfield code="2">ddc</subfield>
    <subfield code="4">0</subfield>
    <subfield code="6">FIS_TOL_1997_000000000000000_B168_OR_1</subfield>
    <subfield code="7">0</subfield>
    <subfield code="9">18625</subfield>
    <subfield code="a">LBB</subfield>
    <subfield code="b">LBB</subfield>
    <subfield code="c">B168</subfield>
    <subfield code="d">2015-11-30</subfield>
    <subfield code="l">2</subfield>
    <subfield code="o">FIS TOL 1997 B168 Or.1</subfield>
    <subfield code="p">RUA010950</subfield>
    <subfield code="r">2020-02-18</subfield>
    <subfield code="s">2020-01-10</subfield>
    <subfield code="w">2015-11-30</subfield>
    <subfield code="y">FIS</subfield>
  </datafield>
  <datafield tag="952" ind1=" " ind2=" ">
    <subfield code="0">0</subfield>
    <subfield code="1">0</subfield>
    <subfield code="2">ddc</subfield>
    <subfield code="4">0</subfield>
    <subfield code="6">FIS_TOL_1997_000000000000000_B168_OR_2</subfield>
    <subfield code="7">0</subfield>
    <subfield code="9">18626</subfield>
    <subfield code="a">LBB</subfield>
    <subfield code="b">LBB</subfield>
    <subfield code="c">B168</subfield>
    <subfield code="d">2015-11-30</subfield>
    <subfield code="o">FIS TOL 1997 B168 Or.2</subfield>
    <subfield code="p">RUA010941</subfield>
    <subfield code="r">2015-11-30</subfield>
    <subfield code="w">2015-11-30</subfield>
    <subfield code="y">FIS</subfield>
  </datafield>
  <datafield tag="952" ind1=" " ind2=" ">
    <subfield code="0">0</subfield>
    <subfield code="1">0</subfield>
    <subfield code="2">ddc</subfield>
    <subfield code="4">0</subfield>
    <subfield code="6">FIS_TOL_1997_000000000000000_B168_OR_3</subfield>
    <subfield code="7">0</subfield>
    <subfield code="9">18627</subfield>
    <subfield code="a">LBB</subfield>
    <subfield code="b">LBB</subfield>
    <subfield code="c">B168</subfield>
    <subfield code="d">2015-11-30</subfield>
    <subfield code="o">FIS TOL 1997 B168 Or.3</subfield>
    <subfield code="p">RUA028955</subfield>
    <subfield code="r">2015-11-30</subfield>
    <subfield code="w">2015-11-30</subfield>
    <subfield code="y">FIS</subfield>
  </datafield>
  <datafield tag="952" ind1=" " ind2=" ">
    <subfield code="0">0</subfield>
    <subfield code="1">0</subfield>
    <subfield code="2">ddc</subfield>
    <subfield code="4">0</subfield>
    <subfield code="6">FIS_TOL_1997_000000000000000_B168_OR_4</subfield>
    <subfield code="7">0</subfield>
    <subfield code="9">18628</subfield>
    <subfield code="a">LBB</subfield>
    <subfield code="b">LBB</subfield>
    <subfield code="c">B168</subfield>
    <subfield code="d">2015-11-30</subfield>
    <subfield code="o">FIS TOL 1997 B168 Or.4</subfield>
    <subfield code="p">RUA010927</subfield>
    <subfield code="r">2015-11-30</subfield>
    <subfield code="w">2015-11-30</subfield>
    <subfield code="y">FIS</subfield>
  </datafield>
  <datafield tag="952" ind1=" " ind2=" ">
    <subfield code="0">0</subfield>
    <subfield code="1">0</subfield>
    <subfield code="2">ddc</subfield>
    <subfield code="4">0</subfield>
    <subfield code="6">FIS_TOL_1997_000000000000000_B168_OR_5</subfield>
    <subfield code="7">0</subfield>
    <subfield code="9">18629</subfield>
    <subfield code="a">LBB</subfield>
    <subfield code="b">LBB</subfield>
    <subfield code="c">B168</subfield>
    <subfield code="d">2015-11-30</subfield>
    <subfield code="o">FIS TOL 1997 B168 Or.5</subfield>
    <subfield code="p">RUA010855</subfield>
    <subfield code="r">2015-11-30</subfield>
    <subfield code="w">2015-11-30</subfield>
    <subfield code="y">FIS</subfield>
  </datafield>
  <datafield tag="952" ind1=" " ind2=" ">
    <subfield code="0">0</subfield>
    <subfield code="1">0</subfield>
    <subfield code="2">ddc</subfield>
    <subfield code="4">0</subfield>
    <subfield code="6">FIS_TOL_1997_000000000000000_B168_OR_6</subfield>
    <subfield code="7">0</subfield>
    <subfield code="9">18756</subfield>
    <subfield code="a">LBB</subfield>
    <subfield code="b">LBB</subfield>
    <subfield code="d">2015-11-30</subfield>
    <subfield code="o">FIS TOL 1997 B168 Or.6</subfield>
    <subfield code="p">RUA020484</subfield>
    <subfield code="r">2015-11-30</subfield>
    <subfield code="w">2015-11-30</subfield>
    <subfield code="y">FIS</subfield>
  </datafield>
  <datafield tag="952" ind1=" " ind2=" ">
    <subfield code="0">0</subfield>
    <subfield code="1">0</subfield>
    <subfield code="2">ddc</subfield>
    <subfield code="4">0</subfield>
    <subfield code="6">FIS_TOL_1997_000000000000000_B168_OR_7</subfield>
    <subfield code="7">0</subfield>
    <subfield code="9">18757</subfield>
    <subfield code="a">LBB</subfield>
    <subfield code="b">LBB</subfield>
    <subfield code="d">2015-11-30</subfield>
    <subfield code="o">FIS TOL 1997 B168 Or.7</subfield>
    <subfield code="p">RUA020477</subfield>
    <subfield code="r">2015-11-30</subfield>
    <subfield code="w">2015-11-30</subfield>
    <subfield code="y">FIS</subfield>
  </datafield>
  <datafield tag="952" ind1=" " ind2=" ">
    <subfield code="0">0</subfield>
    <subfield code="1">0</subfield>
    <subfield code="2">ddc</subfield>
    <subfield code="4">0</subfield>
    <subfield code="6">FIS_TOL_1997_000000000000000_B168_OR_8</subfield>
    <subfield code="7">0</subfield>
    <subfield code="9">18758</subfield>
    <subfield code="a">LBB</subfield>
    <subfield code="b">LBB</subfield>
    <subfield code="d">2015-11-30</subfield>
    <subfield code="o">FIS TOL 1997 B168 Or.8</subfield>
    <subfield code="p">RUA020549</subfield>
    <subfield code="r">2015-11-30</subfield>
    <subfield code="w">2015-11-30</subfield>
    <subfield code="y">FIS</subfield>
  </datafield>
  <datafield tag="952" ind1=" " ind2=" ">
    <subfield code="0">0</subfield>
    <subfield code="1">0</subfield>
    <subfield code="2">ddc</subfield>
    <subfield code="4">0</subfield>
    <subfield code="6">FIS_TOL_1997_000000000000000_B168_OR_9</subfield>
    <subfield code="7">0</subfield>
    <subfield code="9">18759</subfield>
    <subfield code="a">LBB</subfield>
    <subfield code="b">LBB</subfield>
    <subfield code="d">2015-11-30</subfield>
    <subfield code="o">FIS TOL 1997 B168 Or.9</subfield>
    <subfield code="p">RUA020706</subfield>
    <subfield code="r">2015-11-30</subfield>
    <subfield code="w">2015-11-30</subfield>
    <subfield code="y">FIS</subfield>
  </datafield>
  <datafield tag="952" ind1=" " ind2=" ">
    <subfield code="0">0</subfield>
    <subfield code="1">0</subfield>
    <subfield code="2">ddc</subfield>
    <subfield code="4">0</subfield>
    <subfield code="6">FIS_TOL_1997_000000000000000_B168_OR_10</subfield>
    <subfield code="7">0</subfield>
    <subfield code="9">18760</subfield>
    <subfield code="a">LBB</subfield>
    <subfield code="b">LBB</subfield>
    <subfield code="d">2015-11-30</subfield>
    <subfield code="o">FIS TOL 1997 B168 Or.10</subfield>
    <subfield code="p">RUA020628</subfield>
    <subfield code="r">2015-11-30</subfield>
    <subfield code="w">2015-11-30</subfield>
    <subfield code="y">FIS</subfield>
  </datafield>
  <datafield tag="952" ind1=" " ind2=" ">
    <subfield code="0">0</subfield>
    <subfield code="1">0</subfield>
    <subfield code="2">ddc</subfield>
    <subfield code="4">0</subfield>
    <subfield code="6">FIS_TOL_1997_000000000000000_B168_OR_11</subfield>
    <subfield code="7">0</subfield>
    <subfield code="9">18761</subfield>
    <subfield code="a">LBB</subfield>
    <subfield code="b">LBB</subfield>
    <subfield code="d">2015-11-30</subfield>
    <subfield code="o">FIS TOL 1997 B168 Or.11</subfield>
    <subfield code="p">RUA020700</subfield>
    <subfield code="r">2015-11-30</subfield>
    <subfield code="w">2015-11-30</subfield>
    <subfield code="y">FIS</subfield>
  </datafield>
</record>
